Başbakan sayın Recep Tayyip Erdoğan'ın USAK konuşma (Record no. 10110)
[ view plain ]
| 000 -BAŞLIK | |
|---|---|
| Sabit Uzunlukta Kontrol Alanı | 00743na a2200241 4500 |
| 001 - KONTROL NUMARASI | |
| Denetim Alanı | 19569 |
| 003 - KONTROL NUMARASI IDENTIFIER | |
| Denetim Alanı | MIRAKIL |
| 005 - SON İŞLEM TARİHİ VE ZAMANI | |
| Denetim Alanı | 20181213155307.0 |
| 008 - SABİT-BOY VERİ ELEMANLARI - GENEL BİLGİLER | |
| Sabit Uzunlukta Kontrol Alanı | 170125b tu 000 0 |
| 035 ## - SİSTEM KONTROL NUMARASI | |
| Sistem Kontrol Numarası | 19569 |
| 040 ## - KATALOGLAMA KAYNAK | |
| Orijinal Kataloglama Ajansı | Milas |
| Kataloglama Dili | tur |
| Metne Dönüştürmek Ajansı | TR-AnCHP |
| 041 ## - DİL KODU | |
| Metin / Ses Parça Veya Ayrı Başlığın Dil Kodu | tur |
| 082 ## - DEWEY ONLU SINIFLANDIRMA NUMARASI | |
| Sınıflandırma Numarası | 353.0313 |
| Ürün Numarası | T96b 2010 |
| 090 ## - SINIFLAMA NUMARASI | |
| Sınıflama Numarası | 353.0313 T96b 2010 |
| 130 ## - ANA GİRİŞ - ÜNİFORM BAŞLIK | |
| Üniforma Başlık | T.C. Başbakanlık |
| 245 ## - BAŞLIK TABLOSU | |
| Başlık | Başbakan sayın Recep Tayyip Erdoğan'ın USAK konuşma |
| Başlığın Kalan | Değişen dengelerde Türkiye'nin artan önemi |
| Sorumluluk Tablosu, Vb | Uluslararası Stratejik Araştırmalar Kurumu |
| 260 ## - YAYIN, DAĞITIM, VB | |
| Yayın, Dağıtım, Vb Yeri | Ankara |
| Yayıncı, Dağıtıcı, Vs Adı | USAK |
| Yayın, Dağıtım, Vb Tarihi | 2010 |
| 300 ## - FİZİKSEL TANIM | |
| Kapsam | 48 s. |
| Diğer Fiziksel Ayrıntıları | fotg. |
| Boyutlar | 21 sm. |
| 500 ## - GENEL NOT | |
| Genel Not | Dizin var. |
| 600 ## - KONU KATMA GİRİŞ - KURUMSAL ADI | |
| Kişisel Ad | Erdoğan, Recep Tayyip |
| Coğrafi Alt Bölümü | Türkiye |
| 650 ## - KONU KATMA GİRİŞ - TOPİKAL DÖNEM | |
| Topikal Süreli Veya Coğrafi Ad Giriş Elemanı | Stratejik konum |
| Coğrafi Alt Bölümü | Türkiye |
| 942 ## - EKLENDİ GİRİŞ ELEMANLARI (KOHA) | |
| Sınıflandırma Veya Raf Düzeni Kaynak | |
| Koha Öğesi Türü | Books |
| 999 ## - SİSTEM KONTROL NUMARALARI (KOHA) | |
| Koha Biblionumber | 10110 |
| Koha Biblioitemnumber | 10110 |
| Kalıcı Konum | Mevcut Konum | Edinme Tarihi | Edinim Kaynak | Toplam Check-Out'Lar | Tam Çağrı Numarası | Barkod | Tarih Son Görülme | İtibaren Geçerli Fiyatlar | Koha Öğesi Türü |
|---|---|---|---|---|---|---|---|---|---|
| CHP Kütüphanesi | CHP Kütüphanesi | 12/19/2016 | Bağış | 353.0313 T96b 2010 | 010754 | 12/19/2016 | 12/19/2016 | Books |
